<?xml version="1.0" encoding="UTF-8"?>
<record
    xmlns:xsi="http://www.w3.org/2001/XMLSchema-instance"
    xsi:schemaLocation="http://www.loc.gov/MARC21/slim http://www.loc.gov/standards/marcxml/schema/MARC21slim.xsd"
    xmlns="http://www.loc.gov/MARC21/slim">

  <leader>02118nam a2200289Ia 4500</leader>
  <controlfield tag="001">H4445</controlfield>
  <controlfield tag="003">IT-RoPAU</controlfield>
  <controlfield tag="008">130308s9999    xx            000 0 und d</controlfield>
  <datafield tag="040" ind1=" " ind2=" ">
    <subfield code="a">IT-RoPAU</subfield>
  </datafield>
  <datafield tag="040" ind1=" " ind2=" ">
    <subfield code="c">IT-RoPAU</subfield>
  </datafield>
  <datafield tag="041" ind1=" " ind2=" ">
    <subfield code="a">ITLIANO</subfield>
  </datafield>
  <datafield tag="100" ind1=" " ind2=" ">
    <subfield code="a">Di Nallo Egeria</subfield>
  </datafield>
  <datafield tag="100" ind1=" " ind2=" ">
    <subfield code="g">Codice Aut. SPICS: 16547</subfield>
  </datafield>
  <datafield tag="245" ind1=" " ind2=" ">
    <subfield code="a">Quale marketing per la societ&#xE0; complessa?</subfield>
  </datafield>
  <datafield tag="245" ind1=" " ind2=" ">
    <subfield code="b">Quale Marketing per la Societa' Complessa?</subfield>
  </datafield>
  <datafield tag="250" ind1=" " ind2=" ">
    <subfield code="a">1a ed.</subfield>
  </datafield>
  <datafield tag="260" ind1=" " ind2=" ">
    <subfield code="a">MILANO</subfield>
  </datafield>
  <datafield tag="260" ind1=" " ind2=" ">
    <subfield code="b">Angeli Franco</subfield>
  </datafield>
  <datafield tag="260" ind1=" " ind2=" ">
    <subfield code="c">1998 [1&#xB0; Ed.:1998 - Ed.Ling.Originale:1998]</subfield>
  </datafield>
  <datafield tag="300" ind1=" " ind2=" ">
    <subfield code="a">"240 p. (prefazione: no ; testo: 240 [pagine: 0-0])"</subfield>
  </datafield>
  <datafield tag="500" ind1=" " ind2=" ">
    <subfield code="a">"Prefazione di Attilio Giuliani. Introduzione e Guida Alla Lettura. 1 Marketing e Societa': linee Generali; Marketing Visto Dall'Interno; Preistoria;Nascita del Marketing; Sviluppo ed Affermazione del Marketing; Uno, Dieci,Cento, mille Marketing; Tutte le strade Portano al Cliente; Marketing e Il Postmoderno; Addio al Merketing. 2 Marketing Allo Specchio Azienda mercato consumatori Societa': immagine del Mercato; Mistica del Marketing; Costruzione del Comportamento del Consumatore; immagine del consumatore nel Marketing; segmentazione della Domanda; segmentazione per Comportamenti; Psicografia; consumatori Come Bersagli, Il Target. 3 Sistema delle Differenze Sociali: Produzione e stratificazione Sociale; stratificazione e relazione Sociale; da Struttura Lineare a Struttura Spaziale; Verso una Centralit&#xE0; del Consumo; Societ&#xE0; Postmoderna e stratificazione Sociale. 4 Identit&#xE0; Individuale: mutamenti Sociali e Problematizzazione; Riflessione sociologica Sul Concetto; Dall'Identit&#xE0; Unitaria All'Indeterminatezza della Dimensione Esistenziale del Soggetto. 5 Marketing, Crisi di un Modello: mutamenti Strutturalidella Societa'; Sacrificare Agli Dei. 6  nella Sistematica Il Modello di Marketing per la Societ&#xE0; Complessa: siti Internet. 7 Dimensioni del Meeting Point. 8 Alla Ricerca dei Possibili. 9 Osservatorio: Applicazioni; Metodo"</subfield>
  </datafield>
  <datafield tag="650" ind1=" " ind2=" ">
    <subfield code="a">TEORIA DEL MARKETING</subfield>
  </datafield>
  <datafield tag="650" ind1=" " ind2=" ">
    <subfield code="e">Codice materia Spics: 6455</subfield>
  </datafield>
  <datafield tag="942" ind1=" " ind2=" ">
    <subfield code="c">BK</subfield>
  </datafield>
  <datafield tag="957" ind1=" " ind2=" ">
    <subfield code="7">1</subfield>
  </datafield>
  <datafield tag="999" ind1=" " ind2=" ">
    <subfield code="c">92075</subfield>
    <subfield code="d">92075</subfield>
  </datafield>
  <datafield tag="999" ind1=" " ind2=" ">
    <subfield code="g">1</subfield>
  </datafield>
  <datafield tag="952" ind1=" " ind2=" ">
    <subfield code="0">0</subfield>
    <subfield code="1">0</subfield>
    <subfield code="4">0</subfield>
    <subfield code="6">H_000000000000000_4445</subfield>
    <subfield code="7">1</subfield>
    <subfield code="a">SPICS</subfield>
    <subfield code="b">SPICS</subfield>
    <subfield code="d">2013-03-08</subfield>
    <subfield code="l">0</subfield>
    <subfield code="o">H4445</subfield>
    <subfield code="r">2013-03-08 00:00:00</subfield>
    <subfield code="w">2013-03-08</subfield>
    <subfield code="y">BK</subfield>
    <subfield code="z">Progressivo inserimento:  27812 /  N. Volumi: 1 Copie: 1  / data import: 1 marzo 2013 - By Epidotti, Trombetti, Vaglietti. </subfield>
  </datafield>
</record>
